[Event "Rhein Main op-B 21st"]
[Site "Bad Homburg"]
[Date "2018.06.03"]
[Round "7"]
[White "Schneider, Soenke"]
[Black "Arnold, Michael"]
[Result "0-1"]
[WhiteElo "1419"]
[BlackElo "1726"]
[PlyCount "78"]
[EventDate "2018.05.30"]
[EventType "swiss"]
[EventRounds "7"]
[EventCountry "GER"]
[SourceTitle "EXT 2019"]
[Source "ChessBase"]
[SourceDate "2018.10.10"]
[SourceVersion "1"]
[SourceVersionDate "2018.10.10"]
[SourceQuality "1"]

1. c4 e6 2. Nc3 d5 3. d4 c6 4. Nf3 Nd7 5. Bf4 Ngf6 6. e3 Be7 7. Bd3 0-0 8. 0-0 Nh5 9. Bg3 Nxg3 10. hxg3 f5 11. Qc2 Nf6 12. Rfb1 Ne4 13. Bxe4 fxe4 14. Ne5 Bd6 15. Ne2 Bxe5 16. dxe5 Qg5 17. c5 Qxe5 18. b4 Rf6 19. Nf4 Bd7 20. Kf1 Raf8 21. Ke2 g5 22. Nh3 g4 23. Nf4 Qf5 24. Qa4 e5 25. Qxa7 exf4 26. gxf4 Bc8 27. Rh1 d4 28. g3 Qd5 29. exd4 Qc4+ 30. Kd2 Qxb4+ 31. Ke2 Qb2+ 32. Ke3 Qc3+ 33. Ke2 Rd8 34. Qb8 Qf3+ 35. Kd2 Rxd4+ 36. Kc2 Qd3+ 37. Kb2 Rb4+ 38. Kc1 Rc4+ 39. Kb2 Qc2+ 0-1

[Event "Rhein Main op-B 21st"]
[Site "Bad Homburg"]
[Date "2018.05.30"]
[Round "1"]
[White "Hecht, Nikolas"]
[Black "Arnold, Michael"]
[Result "0-1"]
[WhiteElo "1179"]
[BlackElo "1726"]
[PlyCount "84"]
[EventDate "2018.05.30"]
[EventType "swiss"]
[EventRounds "7"]
[EventCountry "GER"]
[SourceTitle "EXT 2019"]
[Source "ChessBase"]
[SourceDate "2018.10.10"]
[SourceVersion "1"]
[SourceVersionDate "2018.10.10"]
[SourceQuality "1"]

1. e4 e5 2. Nf3 d6 3. d4 exd4 4. Nxd4 Nf6 5. Bd3 Be7 6. Nc3 0-0 7. 0-0 Nc6 8. Nf3 Bg4 9. Be3 Nd7 10. Be2 Bf6 11. Nd4 Bxe2 12. Ncxe2 Nxd4 13. Bxd4 Re8 14. Qd3 Ne5 15. Qd2 Nc6 16. Bxf6 Qxf6 17. Nc3 Rac8 18. Rfe1 Ne5 19. b3 Ng4 20. f3 Ne5 21. Rad1 c6 22. Re3 Rcd8 23. Qd4 Qh6 24. Qxa7 c5 25. Nd5 Re6 26. Qxb7 Kh8 27. a4 Qg5 28. Qb6 Rg6 29. Rd2 Rg8 30. Qc7 Nxf3+ 31. Rxf3 Qxd2 32. Rf2 Qe1+ 33. Rf1 Qxe4 34. Nf4 Rf6 35. Nd3 Rxf1+ 36. Kxf1 Qf5+ 37. Ke1 Re8+ 38. Kd2 Qe6 39. a5 Rc8 40. Qb7 c4 41. bxc4 Qxc4 42. Qb3 Qc7 0-1

[Event "Hofheim Spring op-B 6th"]
[Site "Hofheim"]
[Date "2018.04.04"]
[Round "3"]
[White "Ahrends, Norbert"]
[Black "Arnold, Michael"]
[Result "1-0"]
[WhiteElo "1999"]
[BlackElo "1728"]
[PlyCount "71"]
[EventDate "2018.04.03"]
[EventType "swiss"]
[EventRounds "9"]
[EventCountry "GER"]
[SourceTitle "EXT 2020"]
[Source "ChessBase"]
[SourceDate "2019.10.17"]
[SourceVersion "1"]
[SourceVersionDate "2019.10.17"]
[SourceQuality "1"]

1. d4 Nf6 2. c4 e6 3. Nc3 d5 4. Nf3 c6 5. e3 Bd6 6. Bd2 Nbd7 7. Be2 0-0 8. Qc2 dxc4 9. Bxc4 e5 10. 0-0-0 b5 11. Bd3 exd4 12. Nxd4 Ne5 13. Be2 Qb6 14. h3 a6 15. f4 Nc4 16. Bxc4 bxc4 17. Na4 Qc7 18. Nf5 Rd8 19. g3 Bf8 20. g4 g6 21. Nd4 Bb7 22. Rhf1 c5 23. Nf3 Ne4 24. Ne5 Rxd2 25. Rxd2 Nxd2 26. Qxd2 Rd8 27. Qc2 Qe7 28. g5 Bg7 29. Ng4 Be4 30. Qf2 Qd7 31. Nxc5 Qd5 32. Nxe4 Qxe4 33. Qc2 Rd3 34. Re1 c3 35. Nf2 cxb2+ 36. Kb1 1-0

[Event "Hofheim Spring op-B 5th"]
[Site "Hofheim"]
[Date "2017.04.10"]
[Round "7"]
[White "Arnold, Michael"]
[Black "Heymann, Walter"]
[Result "0-1"]
[WhiteElo "1764"]
[BlackElo "1833"]
[PlyCount "48"]
[EventDate "2017.04.07"]
[EventType "swiss"]
[EventRounds "9"]
[EventCountry "GER"]
[SourceTitle "CBM 178 Extra"]
[Source "ChessBase"]
[SourceDate "2017.06.22"]
[SourceVersion "1"]
[SourceVersionDate "2017.06.22"]
[SourceQuality "1"]

1. d4 d6 2. Nf3 Nd7 3. Bf4 Ngf6 4. e3 c6 5. c4 e6 6. Nc3 Be7 7. Bd3 Nh5 8. Bg3 Nxg3 9. hxg3 Nf6 10. Qc2 g6 11. Nd2 e5 12. dxe5 dxe5 13. 0-0-0 Qc7 14. f4 Ng4 15. Rde1 Nf2 16. Rhf1 Nxd3+ 17. Qxd3 Bf5 18. e4 Rd8 19. Qc2 Bg4 20. Qa4 a6 21. Nd5 Qd6 22. Rf2 b5 23. cxb5 axb5 24. fxe5 Qc5+ 0-1

[Event "Rhein Main op-B 18th"]
[Site "Bad Homburg"]
[Date "2015.06.03"]
[Round "1"]
[White "Arnold, Michael"]
[Black "Brunner, Andreas"]
[Result "1-0"]
[WhiteElo "1788"]
[BlackElo "1356"]
[PlyCount "99"]
[EventDate "2015.06.03"]
[EventType "swiss"]
[EventRounds "7"]
[EventCountry "GER"]
[SourceTitle "CBM 167 Extra"]
[Source "ChessBase"]
[SourceDate "2015.09.14"]
[SourceVersion "1"]
[SourceVersionDate "2015.09.14"]
[SourceQuality "1"]

1. e4 e5 2. Nf3 Nc6 3. Bc4 Nf6 4. Ng5 d5 5. exd5 Nxd5 6. d4 Nxd4 7. c3 b5 8. Bxd5 Qxd5 9. cxd4 Qxg2 10. Rf1 Bb4+ 11. Nc3 0-0 12. Qf3 Qxf3 13. Nxf3 exd4 14. Nxd4 Re8+ 15. Be3 Bb7 16. 0-0-0 a6 17. Rg1 Bc5 18. Nf5 Bxe3+ 19. Nxe3 Bf3 20. Rd7 c6 21. Ng4 Re6 22. Rg3 Bxg4 23. Rxg4 h6 24. Rgd4 Kf8 25. Rd8+ Re8 26. Rxa8 Rxa8 27. Ne4 Ke7 28. Nc5 a5 29. Rd7+ Kf6 30. Rd6+ Kf5 31. Rxc6 b4 32. Nd3 Kg4 33. Ne5+ Kh3 34. Nxf7 Kxh2 35. Rg6 h5 36. Rxg7 Ra7 37. Rh7 Kg2 38. f3 h4 39. Rxh4 Rxf7 40. f4 Kg3 41. Rh5 a4 42. Ra5 Rc7+ 43. Kb1 a3 44. f5 axb2 45. f6 Rb7 46. Rf5 Kg4 47. f7 b3 48. axb3 Kxf5 49. f8Q+ Kg5 50. Kxb2 1-0

[Event "Rhein Main op-B 17th"]
[Site "Bad Homburg"]
[Date "2014.06.21"]
[Round "5"]
[White "Arnold, Michael"]
[Black "Ackermann, Robert"]
[Result "1/2-1/2"]
[WhiteElo "1788"]
[BlackElo "1582"]
[PlyCount "45"]
[EventDate "2014.06.18"]
[EventType "swiss"]
[EventRounds "9"]
[EventCountry "GER"]
[SourceTitle "CBM 161 Extra"]
[Source "ChessBase"]
[SourceDate "2014.08.29"]
[SourceVersion "1"]
[SourceVersionDate "2014.08.29"]
[SourceQuality "1"]

1. d4 Nf6 2. Nf3 g6 3. e3 Bg7 4. Bd3 0-0 5. Nbd2 d6 6. 0-0 Nbd7 7. b3 e5 8. Bb2 Re8 9. dxe5 dxe5 10. Ne4 Nxe4 11. Bxe4 Nc5 12. Nd2 Bd7 13. Ba3 Nxe4 14. Nxe4 Bc6 15. Ng3 Qg5 16. Qe2 h5 17. e4 h4 18. Nh1 Bd7 19. f3 a5 20. Rad1 Rad8 21. Rd5 Bc6 22. Rxd8 Rxd8 23. Bc1 1/2-1/2

[Event "Hofheim Spring op-B 1st"]
[Site "Hofheim"]
[Date "2013.04.04"]
[Round "4"]
[White "Frank, Christian1111"]
[Black "Arnold, Michael"]
[Result "1-0"]
[WhiteElo "1800"]
[BlackElo "1819"]
[PlyCount "83"]
[EventDate "2013.04.02"]
[EventType "swiss"]
[EventRounds "9"]
[EventCountry "GER"]
[SourceTitle "EXT 2018"]
[Source "ChessBase"]
[SourceDate "2017.10.13"]
[SourceVersion "1"]
[SourceVersionDate "2017.10.13"]
[SourceQuality "1"]

1. e4 d5 2. exd5 Qxd5 3. Nc3 Qd6 4. d4 Nf6 5. Be3 a6 6. h3 Nc6 7. Nf3 Bf5 8. Bd3 Bg6 9. Bxg6 hxg6 10. Qd2 e6 11. a3 Nd5 12. Ne4 Qd7 13. 0-0-0 0-0-0 14. Bf4 Nxf4 15. Qxf4 Bd6 16. Nxd6+ cxd6 17. d5 Ne5 18. Nxe5 dxe5 19. Qxe5 Rh5 20. Qc3+ Qc7 21. Qxc7+ Kxc7 22. dxe6 fxe6 23. Rxd8 Kxd8 24. f4 Ke7 25. g4 Rc5 26. Kd2 Rc4 27. Rf1 a5 28. Kd3 b5 29. b3 Rc5 30. c4 a4 31. cxb5 axb3 32. Rb1 Rxb5 33. Kc4 Ra5 34. Kxb3 Rb5+ 35. Kc2 Ra5 36. Rb3 Ra4 37. Rf3 Kf6 38. Kb3 Rd4 39. a4 g5 40. fxg5+ Kxg5 41. a5 e5 42. Rf5+ 1-0

[Event "Hessen-chB"]
[Site "Offenbach"]
[Date "2012.04.06"]
[Round "6"]
[White "Arnold, Michael"]
[Black "Grueneschild, Hildegard"]
[Result "1-0"]
[WhiteElo "1846"]
[BlackElo "1635"]
[PlyCount "161"]
[EventDate "2012.04.05"]
[EventType "swiss"]
[EventRounds "7"]
[EventCountry "GER"]
[SourceTitle "EXT 2013"]
[Source "ChessBase"]
[SourceDate "2012.11.22"]
[SourceVersion "1"]
[SourceVersionDate "2012.11.22"]
[SourceQuality "1"]

1. e4 c5 2. Nc3 Nc6 3. f4 d6 4. Nf3 e6 5. g3 Nf6 6. d3 Be7 7. Bg2 0-0 8. Be3 Rb8 9. h3 Bd7 10. g4 h6 11. Qd2 Ne8 12. f5 Ne5 13. 0-0-0 Nxf3 14. Bxf3 b5 15. Rdg1 b4 16. Ne2 a5 17. g5 hxg5 18. Bxg5 f6 19. Bh6 exf5 20. Rg6 Be6 21. Rhg1 Rf7 22. Nf4 Qd7 23. Qg2 Bf8 24. Nxe6 Qxe6 25. exf5 Qxa2 26. Bd5 Qa1+ 27. Kd2 Qxb2 28. Bxf7+ Kxf7 29. Qd5+ Ke7 30. Re1+ Kd8 31. Bf4 Qc3+ 32. Kd1 Qa1+ 33. Ke2 Qc3 34. Rc1 b3 35. cxb3 Qb2+ 36. Kf3 Qxb3 37. Rxc5 Qxd5+ 38. Rxd5 a4 39. Rg2 Rb3 40. Ra2 Nc7 41. Rd4 a3 42. Ke3 Nb5 43. Ra4 Kd7 44. Ra8 Be7 45. Rg8 Nc3 46. Ra1 Nd5+ 47. Ke4 Nc3+ 48. Kd4 Ne2+ 49. Kc4 Rc3+ 50. Kb4 Rxd3 51. Rxg7 Nxf4 52. h4 d5+ 53. Kb5 Rb3+ 54. Ka4 Rh3 55. Re1 a2 56. Rgxe7+ Kc6 57. Rf7 Rxh4 58. Rxf6+ Kc5 59. Kb3 Nd3 60. Rd1 Rb4+ 61. Kxa2 Ra4+ 62. Kb3 Rb4+ 63. Kc3 Ne5 64. Rf8 Rc4+ 65. Kb3 Rb4+ 66. Kc3 Rc4+ 67. Kd2 Rd4+ 68. Ke2 Re4+ 69. Kf2 Rf4+ 70. Kg3 Rf3+ 71. Kg2 Rc3 72. Rc8+ Nc6 73. f6 Rc2+ 74. Kg3 d4 75. f7 Rc3+ 76. Kg4 Kd5 77. Rxc6 Rxc6 78. f8Q Rg6+ 79. Kf5 Rg3 80. Qd8+ Kc4 81. Qxd4+ 1-0

[Event "Karl Mala Memorial op 13th"]
[Site "Frankfurt"]
[Date "2010.07.08"]
[Round "1"]
[White "Pfrommer, Christoph"]
[Black "Arnold, Michael"]
[Result "1-0"]
[WhiteElo "2326"]
[BlackElo "1867"]
[PlyCount "75"]
[EventDate "2010.07.08"]
[EventType "swiss"]
[EventRounds "7"]
[EventCountry "GER"]
[SourceTitle "EXT 2012"]
[Source "ChessBase"]
[SourceDate "2011.11.24"]
[SourceVersion "1"]
[SourceVersionDate "2011.11.24"]
[SourceQuality "1"]

1. d4 d5 2. c4 e6 3. Nf3 Nf6 4. g3 c6 5. Bg2 Bd6 6. 0-0 Nbd7 7. Nc3 0-0 8. Nd2 Re8 9. e4 dxe4 10. Ndxe4 Nxe4 11. Nxe4 Be7 12. Be3 Nf6 13. Re1 Nxe4 14. Bxe4 Bf6 15. Qc2 g6 16. Rad1 Qc7 17. Qe2 e5 18. d5 cxd5 19. Bxd5 Be6 20. b4 Rad8 21. Bxe6 Rxe6 22. Rxd8+ Bxd8 23. Rd1 Rd6 24. Bxa7 Rxd1+ 25. Qxd1 Be7 26. c5 Qc6 27. Qe2 Qd5 28. Bb8 f6 29. h4 Qd4 30. a3 Qa1+ 31. Kg2 Qxa3 32. Bd6 Bxd6 33. Qc4+ Kg7 34. cxd6 Qa8 35. Qc7+ Kh6 36. d7 b5+ 37. Kh2 Qf3 38. Qb6 1-0